000 00576nam a2200181Ia 4500
003 IN-BaIIA
008 211028s9999 xx 000 0 eng d
020 _a0-89766-802-2
040 _cIIA Library
080 _a524:519.216
_bSTO
100 _aBuchler, J. Robert
_919550
245 0 _aStochastic processes in astrophysics
_cJ. Robert Buchler
250 _a8th ed.
260 _aNew York
_bThe New York Academy of Sciences
_c1993
300 _a[various pagings.]
650 _aStochastic processes astrophysics
_919551
942 _cBK
999 _c11367
_d11367